000 00681nam a2200253Ia 4500
003 OSt
005 20221005091312.0
006 a|||||r|||| 00| 0
007 ta
008 221004b |||||||| |||| 00| 0 eng d
020 _a0312293097
024 _a180
037 _cTextual
040 _aCRL
_cCRL
_beng
041 _2eng
_aeng
082 _az2xM23, P2
100 _aStone Jon R Ed.
_9468829
245 0 _aEssential Max Muller
_b On language, mythology, and religion
260 _aNew York
_bPalgrave Macmillan
_c2002
300 _a367p.
_ccm.
650 _aGENERALIA
942 _hz2xM23, P2
_cTEXL
_2cc
999 _c997063
_d997063